00795 2200181 4500245003800000020002200038250001100060100001800071700001900089650002000108005001900128260002900147041001400176084001100190300002700201500037600228336000900604 aArah LangkahcFiersa BesarihText a978-979-794-561-9 aCet. 2 aFiersa Besari aJuliagar R. N. aNovel Indonesia a20230929090032 aJakartabMediakitac2018 aIndonesia a808.83 aiv, 300 hlm. :c19 cm. aBulan April,tahun 2013,berawal dengan niat dan tujuan yang berbeda-beda salah satunya karena hati yang terluka,tiga pengelana memulai sebuah perjalanan menyusuri daerah-daerah di Indonesia.Lewat cara yang seru tapi menantang,mereka tidak hanya menyaksikan langsung keindahan negeri ini,mereka juga harus menghadapi pertarungan dengan kegelisahan yang dibawa masing-masing atext